<?xml version='1.0' encoding='UTF-8'?><?xml-stylesheet href='static/style.xsl' type='text/xsl'?><OAI-PMH xmlns="http://www.openarchives.org/OAI/2.0/" xmlns:xsi="http://www.w3.org/2001/XMLSchema-instance" xsi:schemaLocation="http://www.openarchives.org/OAI/2.0/ http://www.openarchives.org/OAI/2.0/OAI-PMH.xsd"><responseDate>2026-04-16T23:27:41Z</responseDate><request verb="GetRecord" identifier="oai:ebiltegia.mondragon.edu:20.500.11984/13923" metadataPrefix="marc">https://ebiltegia.mondragon.edu/oai/request</request><GetRecord><record><header><identifier>oai:ebiltegia.mondragon.edu:20.500.11984/13923</identifier><datestamp>2026-01-29T08:37:08Z</datestamp><setSpec>com_20.500.11984_1136</setSpec><setSpec>col_20.500.11984_1139</setSpec></header><metadata><record xmlns="http://www.loc.gov/MARC21/slim" xmlns:dcterms="http://purl.org/dc/terms/" xmlns:xsi="http://www.w3.org/2001/XMLSchema-instance" xmlns:doc="http://www.lyncode.com/xoai" xsi:schemaLocation="http://www.loc.gov/MARC21/slim http://www.loc.gov/standards/marcxml/schema/MARC21slim.xsd">
   <leader>00925njm 22002777a 4500</leader>
   <datafield ind2=" " ind1=" " tag="042">
      <subfield code="a">dc</subfield>
   </datafield>
   <datafield ind2=" " ind1=" " tag="720">
      <subfield code="a">Garro, Eneritz</subfield>
      <subfield code="e">author</subfield>
   </datafield>
   <datafield ind2=" " ind1=" " tag="720">
      <subfield code="a">Perez Lizarralde, Karmele</subfield>
      <subfield code="e">author</subfield>
   </datafield>
   <datafield ind2=" " ind1=" " tag="720">
      <subfield code="a">Lersundi, Amaia</subfield>
      <subfield code="e">author</subfield>
   </datafield>
   <datafield ind2=" " ind1=" " tag="720">
      <subfield code="a">Arias-Hermoso, Roberto</subfield>
      <subfield code="e">author</subfield>
   </datafield>
   <datafield ind2=" " ind1=" " tag="720">
      <subfield code="a">Antón, Eneko</subfield>
      <subfield code="e">author</subfield>
   </datafield>
   <datafield ind2=" " ind1=" " tag="720">
      <subfield code="a">Carmona, Unai</subfield>
      <subfield code="e">author</subfield>
   </datafield>
   <datafield ind2=" " ind1=" " tag="720">
      <subfield code="a">Romero-Garmendia, Irati</subfield>
      <subfield code="e">author</subfield>
   </datafield>
   <datafield ind2=" " ind1=" " tag="720">
      <subfield code="a">Imaz Agirre, Ainara</subfield>
      <subfield code="e">author</subfield>
   </datafield>
   <datafield ind2=" " ind1=" " tag="260">
      <subfield code="c">2025</subfield>
   </datafield>
   <datafield ind2=" " ind1=" " tag="520">
      <subfield code="a">“Denok gara hizkuntza irakasle!”, horixe askotan eta askori entzuten&#xd;
diogun aldarrikapena. Baieztapen horren baitan, ordea, denok ez dugu&#xd;
irudikatzen egiteko eta ardura bera. Ikasgai guztietan “hizkuntza”&#xd;
landu beharra arlo desberdinetako irakasleen eta hizkuntza irakasleen&#xd;
arteko tira-bira gai ere izaten da sarri askotan. Korapilo horren askatze&#xd;
bidean ekarpena egin nahi dugu eta proposatu arlo desberdinetan&#xd;
“hizkuntza irakasle” izateak zer esan nahi duen, nola lotzen den&#xd;
hori arlo bakoitzeko konpetentzien garapenarekin eta edukien&#xd;
jabetzearekin. Arloetako irakasleek arlo bakoitzeko diskurtsoak&#xd;
ezagutu eta landu behar dituztela argudiatuko dugu eta ikasleen&#xd;
arloko alfabetatzea sustatu behar dutela.&#xd;
Esku artean duzun liburu honek egiteko horri ekarpena egin nahi dio&#xd;
eta irakasleoi zuen arloetan hizkuntza nola landu asmatzeko oinarriak&#xd;
eta bitartekoak eskaintzea da gure gogoa.</subfield>
   </datafield>
   <datafield ind1="8" ind2=" " tag="024">
      <subfield code="a">978-84-09-75283-6</subfield>
   </datafield>
   <datafield ind1="8" ind2=" " tag="024">
      <subfield code="a">https://katalogoa.mondragon.edu/janium-bin/janium_login_opac.pl?find&amp;ficha_no=189592</subfield>
   </datafield>
   <datafield ind1="8" ind2=" " tag="024">
      <subfield code="a">https://hdl.handle.net/20.500.11984/13923</subfield>
   </datafield>
   <datafield ind2="0" ind1="0" tag="245">
      <subfield code="a">Denok gara (gure arloko) hizkuntza irakasle: arloko alfabetzatzea garatzeko oinarriak eta tresnak</subfield>
   </datafield>
</record></metadata></record></GetRecord></OAI-PMH>